[Event "DVM U20 2021"]
[Site "Kiel GER"]
[Date "2022.07.23"]
[Round "2"]
[White "Irkilmez, Yakub"]
[Black "Vuckovic, Zarko"]
[Result "1-0"]
[Termination "normal"]
[Board "6.1"]
[WhiteElo "2119"]
[BlackElo "2281"]
[WhiteClock "00:45:41"]
[BlackClock "00:34:49"]
[WhiteTeam "Schachfreunde Essen-Katernberg 04/32 e. V."]
[BlackTeam "Schachfreunde Augsburg"]
[PlyCount "57"]
[WhiteFideId "16204581"]
[BlackFideId "12952087"]
[EventCountry "GER"]
[EventRounds "7"]
[EventType "team-swiss"]
[EventDate "2022.07.22"]

1. Nf3 {[%clk 01:30:38]} {[%emt 00:00:21]} Nf6 {[%clk 01:30:24]} {[%emt
00:00:37]} 2. g3 {[%clk 01:30:54]} {[%emt 00:00:13]} d5 {[%clk 01:30:50]}
{[%emt 00:00:04]} 3. d4 {[%clk 01:31:02]} {[%emt 00:00:22]} e6 {[%clk
01:29:28]} {[%emt 00:01:52]} 4. Bg2 {[%clk 01:31:05]} {[%emt 00:00:26]} c5
{[%clk 01:26:20]} {[%emt 00:03:38]} 5. O-O {[%clk 01:28:49]} {[%emt 00:02:45]}
Nbd7 {[%clk 01:21:56]} {[%emt 00:04:55]} 6. c4 {[%clk 01:23:09]} {[%emt
00:06:09]} dxc4 {[%clk 01:14:25]} {[%emt 00:08:02]} 7. Na3 {[%clk 01:19:58]}
{[%emt 00:03:39]} Nb6 {[%clk 01:11:37]} {[%emt 00:03:18]} 8. Nxc4 {[%clk
01:17:57]} {[%emt 00:02:31]} Nxc4 {[%clk 01:10:26]} {[%emt 00:01:42]} 9. Qa4+
{[%clk 01:18:20]} {[%emt 00:00:06]} Bd7 {[%clk 01:10:53]} {[%emt 00:00:03]} 10.
Qxc4 {[%clk 01:18:41]} {[%emt 00:00:09]} Qb6 {[%clk 01:11:20]} {[%emt
00:00:04]} 11. dxc5 {[%clk 01:09:22]} {[%emt 00:09:49]} Bxc5 {[%clk 01:10:53]}
{[%emt 00:00:58]} 12. b4 {[%clk 01:08:03]} {[%emt 00:01:49]} Qxb4 {[%clk
01:02:55]} {[%emt 00:08:28]} 13. Qxb4 {[%clk 01:04:10]} {[%emt 00:04:23]} Bxb4
{[%clk 01:02:04]} {[%emt 00:01:21]} 14. Rb1 {[%clk 01:03:25]} {[%emt 00:01:15]}
Bd6 {[%clk 01:02:27]} {[%emt 00:00:07]} 15. Rd1 {[%clk 00:57:32]} {[%emt
00:06:23]} Ke7 {[%clk 01:02:51]} {[%emt 00:00:07]} 16. Rxb7 {[%clk 00:57:33]}
{[%emt 00:00:29]} Rab8 {[%clk 00:50:56]} {[%emt 00:12:25]} 17. Rxb8 {[%clk
00:53:26]} {[%emt 00:04:37]} Bxb8 {[%clk 00:51:13]} {[%emt 00:00:13]} 18. Ba3+
{[%clk 00:53:46]} {[%emt 00:00:10]} Kd8 {[%clk 00:46:14]} {[%emt 00:05:30]} 19.
Ng5 {[%clk 00:50:56]} {[%emt 00:03:19]} Ke8 {[%clk 00:46:11]} {[%emt 00:00:34]}
20. Rb1 {[%clk 00:51:16]} {[%emt 00:00:09]} Bc7 {[%clk 00:37:04]} {[%emt
00:09:37]} 21. Rb7 {[%clk 00:46:18]} {[%emt 00:05:28]} Bd8 {[%clk 00:36:58]}
{[%emt 00:00:36]} 22. Rxa7 {[%clk 00:45:50]} {[%emt 00:00:58]} h6 {[%clk
00:35:05]} {[%emt 00:02:23]} 23. Nf3 {[%clk 00:45:15]} {[%emt 00:01:05]} Ng4
{[%clk 00:35:28]} {[%emt 00:00:08]} 24. h3 {[%clk 00:44:53]} {[%emt 00:00:52]}
Nxf2 {[%clk 00:35:02]} {[%emt 00:00:56]} 25. Ne5 {[%clk 00:45:04]} {[%emt
00:00:19]} Ng4 {[%clk 00:35:29]} {[%emt 00:00:03]} 26. Nxd7 {[%clk 00:45:23]}
{[%emt 00:00:11]} Ne5 {[%clk 00:35:51]} {[%emt 00:00:09]} 27. Kh2 {[%clk
00:45:19]} {[%emt 00:00:33]} Nc6 {[%clk 00:34:22]} {[%emt 00:01:59]} 28. Bxc6
{[%clk 00:45:41]} {[%emt 00:00:08]} Rf8 {[%clk 00:34:49]} {[%emt 00:00:03]} 29.
Nb8# {[%emt 00:00:10]} 1-0

[Event "DVM U20 2021"]
[Site "Kiel GER"]
[Date "2022.07.23"]
[Round "2"]
[White "Weller, Uli"]
[Black "Gorainow, Nikita"]
[Result "1-0"]
[Termination "normal"]
[Board "6.2"]
[WhiteElo "2195"]
[BlackElo "1987"]
[WhiteClock "00:20:48"]
[BlackClock "00:01:53"]
[WhiteTeam "Schachfreunde Augsburg"]
[BlackTeam "Schachfreunde Essen-Katernberg 04/32 e. V."]
[PlyCount "65"]
[WhiteFideId "12971782"]
[BlackFideId "12970093"]
[EventCountry "GER"]
[EventRounds "7"]
[EventType "team-swiss"]
[EventDate "2022.07.22"]

1. e4 {[%clk 01:30:59]} c5 {[%clk 01:30:54]} {[%emt 00:00:06]} 2. Nf3 {[%clk
01:31:21]} {[%emt 00:00:07]} Nc6 {[%clk 01:31:13]} {[%emt 00:00:11]} 3. d4
{[%clk 01:31:44]} {[%emt 00:00:08]} cxd4 {[%clk 01:31:37]} {[%emt 00:00:06]} 4.
Nxd4 {[%clk 01:32:09]} {[%emt 00:00:04]} g6 {[%clk 01:31:59]} {[%emt 00:00:09]}
5. c4 {[%clk 01:32:19]} {[%emt 00:00:20]} Bg7 {[%clk 01:32:13]} {[%emt
00:00:16]} 6. Be3 {[%clk 01:32:39]} {[%emt 00:00:10]} Nf6 {[%clk 01:32:03]}
{[%emt 00:00:40]} 7. Nc3 {[%clk 01:33:00]} {[%emt 00:00:08]} O-O {[%clk
01:32:19]} {[%emt 00:00:15]} 8. f3 {[%clk 01:32:52]} {[%emt 00:00:38]} d6
{[%clk 01:32:42]} {[%emt 00:00:06]} 9. Qd2 {[%clk 01:33:07]} {[%emt 00:00:15]}
Bd7 {[%clk 01:29:33]} {[%emt 00:03:40]} 10. Be2 {[%clk 01:33:17]} {[%emt
00:00:19]} a5 {[%clk 01:29:28]} {[%emt 00:00:35]} 11. g4 {[%clk 01:29:14]}
{[%emt 00:04:33]} Nxd4 {[%clk 01:22:24]} {[%emt 00:07:34]} 12. Bxd4 {[%clk
01:29:35]} {[%emt 00:00:08]} Bc6 {[%clk 01:22:27]} {[%emt 00:00:27]} 13. O-O-O
{[%clk 01:28:36]} {[%emt 00:01:29]} Nd7 {[%clk 01:11:54]} {[%emt 00:11:04]} 14.
Bxg7 {[%clk 01:27:39]} {[%emt 00:01:26]} Kxg7 {[%clk 01:12:21]} {[%emt
00:00:03]} 15. h4 {[%clk 01:27:48]} {[%emt 00:00:21]} Qb6 {[%clk 00:59:05]}
{[%emt 00:13:47]} 16. h5 {[%clk 01:24:00]} {[%emt 00:04:17]} Rh8 {[%clk
00:57:30]} {[%emt 00:02:05]} 17. g5 {[%clk 00:59:07]} {[%emt 00:25:22]} Qc5
{[%clk 00:49:23]} {[%emt 00:08:37]} 18. f4 {[%clk 00:49:44]} {[%emt 00:09:54]}
Nb6 {[%clk 00:39:15]} {[%emt 00:10:38]} 19. Nd5 {[%clk 00:47:24]} {[%emt
00:02:49]} Bxd5 {[%clk 00:38:14]} {[%emt 00:01:32]} 20. exd5 {[%clk 00:47:25]}
{[%emt 00:00:29]} f6 {[%clk 00:17:52]} {[%emt 00:20:52]} 21. Qc3 {[%clk
00:46:14]} {[%emt 00:01:41]} Qf2 {[%clk 00:11:44]} {[%emt 00:06:39]} 22. Rd4
{[%clk 00:21:25]} {[%emt 00:25:19]} Qxe2 {[%clk 00:07:59]} {[%emt 00:04:15]}
23. Re1 {[%clk 00:21:34]} {[%emt 00:00:20]} Na4 {[%clk 00:08:25]} {[%emt
00:00:03]} 24. Rxe2 {[%clk 00:21:20]} {[%emt 00:00:45]} Nxc3 {[%clk 00:08:50]}
{[%emt 00:00:05]} 25. Rxe7+ {[%clk 00:19:26]} {[%emt 00:02:23]} Kf8 {[%clk
00:09:14]} {[%emt 00:00:07]} 26. gxf6 {[%clk 00:19:41]} {[%emt 00:00:14]} Nxa2+
{[%clk 00:06:56]} {[%emt 00:02:48]} 27. Kb1 {[%clk 00:19:33]} {[%emt 00:00:38]}
Nb4 {[%clk 00:07:19]} {[%emt 00:00:08]} 28. h6 {[%clk 00:19:12]} {[%emt
00:00:51]} Re8 {[%clk 00:03:31]} {[%emt 00:04:18]} 29. Rde4 {[%clk 00:19:25]}
{[%emt 00:00:17]} Rxe7 {[%clk 00:03:04]} {[%emt 00:00:57]} 30. Rxe7 {[%clk
00:19:48]} {[%emt 00:00:08]} Rg8 {[%clk 00:02:36]} {[%emt 00:00:58]} 31. f7
{[%clk 00:20:00]} {[%emt 00:00:17]} Rh8 {[%clk 00:01:27]} {[%emt 00:01:39]} 32.
Re8+ {[%clk 00:20:24]} {[%emt 00:00:05]} Kxf7 {[%clk 00:01:53]} {[%emt
00:00:04]} 33. Rxh8 {[%clk 00:20:48]} {[%emt 00:00:06]} 1-0

[Event "DVM U20 2021"]
[Site "Kiel GER"]
[Date "2022.07.23"]
[Round "2"]
[White "Gallas, Noel"]
[Black "McPherson, Elisha"]
[Result "1/2-1/2"]
[Termination "normal"]
[Board "6.3"]
[WhiteElo "1905"]
[BlackElo "2006"]
[WhiteClock "00:00:35"]
[BlackClock "00:02:25"]
[WhiteTeam "Schachfreunde Essen-Katernberg 04/32 e. V."]
[BlackTeam "Schachfreunde Augsburg"]
[PlyCount "71"]
[WhiteFideId "16216059"]
[BlackFideId "16255852"]
[EventCountry "GER"]
[EventRounds "7"]
[EventType "team-swiss"]
[EventDate "2022.07.22"]

1. e4 {[%clk 01:30:54]} {[%emt 00:00:06]} e5 {[%clk 01:30:55]} {[%emt
00:00:06]} 2. Nc3 {[%clk 01:30:43]} {[%emt 00:00:41]} Nf6 {[%clk 01:30:40]}
{[%emt 00:00:45]} 3. g3 {[%clk 01:31:03]} {[%emt 00:00:09]} Bc5 {[%clk
01:26:25]} {[%emt 00:04:45]} 4. Bg2 {[%clk 01:30:40]} {[%emt 00:00:53]} O-O
{[%clk 01:20:30]} {[%emt 00:06:26]} 5. Nge2 {[%clk 01:29:05]} {[%emt 00:02:06]}
Re8 {[%clk 01:18:22]} {[%emt 00:02:37]} 6. O-O {[%clk 01:28:15]} {[%emt
00:01:20]} Nc6 {[%clk 01:14:50]} {[%emt 00:04:02]} 7. d3 {[%clk 01:25:52]}
{[%emt 00:02:54]} h6 {[%clk 01:08:53]} {[%emt 00:06:26]} 8. h3 {[%clk
01:19:54]} {[%emt 00:06:27]} d6 {[%clk 01:05:38]} {[%emt 00:03:45]} 9. Na4
{[%clk 01:07:49]} {[%emt 00:12:35]} Bb6 {[%clk 01:05:43]} {[%emt 00:00:26]} 10.
Nxb6 {[%clk 01:08:07]} {[%emt 00:00:12]} axb6 {[%clk 01:06:07]} {[%emt
00:00:06]} 11. c4 {[%clk 01:02:39]} {[%emt 00:05:58]} Kh7 {[%clk 00:50:45]}
{[%emt 00:15:51]} 12. f4 {[%clk 00:57:02]} {[%emt 00:06:07]} g6 {[%clk
00:45:02]} {[%emt 00:06:13]} 13. Qd2 {[%clk 00:35:12]} {[%emt 00:22:20]} Nd4
{[%clk 00:29:03]} {[%emt 00:16:29]} 14. Nxd4 {[%clk 00:17:10]} {[%emt
00:18:32]} exd4 {[%clk 00:29:22]} {[%emt 00:00:10]} 15. Qf2 {[%clk 00:14:17]}
{[%emt 00:03:23]} c5 {[%clk 00:28:00]} {[%emt 00:01:53]} 16. g4 {[%clk
00:12:37]} {[%emt 00:02:10]} Nd7 {[%clk 00:18:17]} {[%emt 00:10:13]} 17. Qg3
{[%clk 00:05:56]} {[%emt 00:07:10]} Qe7 {[%clk 00:16:20]} {[%emt 00:02:26]} 18.
g5 {[%clk 00:02:30]} {[%emt 00:03:56]} h5 {[%clk 00:13:28]} {[%emt 00:03:22]}
19. Bd2 {[%clk 00:00:45]} {[%emt 00:02:16]} Rf8 {[%clk 00:09:15]} {[%emt
00:04:44]} 20. a3 {[%clk 00:00:51]} {[%emt 00:00:23]} Qe8 {[%clk 00:05:36]}
{[%emt 00:04:09]} 21. Qh4 {[%clk 00:00:48]} {[%emt 00:00:33]} Rh8 {[%clk
00:05:15]} {[%emt 00:00:52]} 22. Rae1 {[%clk 00:00:54]} {[%emt 00:00:22]} Qe7
{[%clk 00:04:18]} {[%emt 00:01:28]} 23. Qg3 {[%clk 00:00:41]} {[%emt 00:00:43]}
Rg8 {[%clk 00:02:52]} {[%emt 00:01:57]} 24. e5 {[%clk 00:00:42]} {[%emt
00:00:28]} dxe5 {[%clk 00:02:07]} {[%emt 00:01:15]} 25. fxe5 {[%clk 00:01:00]}
{[%emt 00:00:12]} Nf8 {[%clk 00:02:06]} {[%emt 00:00:31]} 26. Qf3 {[%clk
00:00:42]} {[%emt 00:00:48]} Rg7 {[%clk 00:02:04]} {[%emt 00:00:33]} 27. Qe4
{[%clk 00:00:35]} {[%emt 00:00:37]} Kg8 {[%clk 00:02:13]} {[%emt 00:00:21]} 28.
Rf6 {[%clk 00:00:37]} {[%emt 00:00:28]} Bf5 {[%clk 00:01:53]} {[%emt 00:00:50]}
29. Qxb7 {[%clk 00:00:34]} {[%emt 00:00:34]} Qxb7 {[%clk 00:02:09]} {[%emt
00:00:14]} 30. Bxb7 {[%clk 00:01:03]} {[%emt 00:00:01]} Rb8 {[%clk 00:02:14]}
{[%emt 00:00:24]} 31. Be4 {[%clk 00:00:46]} {[%emt 00:00:47]} Bxh3 {[%clk
00:02:28]} {[%emt 00:00:17]} 32. Rf2 {[%clk 00:00:34]} {[%emt 00:00:42]} Bg4
{[%clk 00:02:34]} {[%emt 00:00:23]} 33. Ref1 {[%clk 00:00:37]} {[%emt
00:00:29]} Nd7 {[%clk 00:01:40]} {[%emt 00:01:23]} 34. Bf4 {[%clk 00:00:33]}
{[%emt 00:00:33]} Be6 {[%clk 00:01:58]} {[%emt 00:00:12]} 35. Bd5 {[%clk
00:00:35]} {[%emt 00:00:28]} Nf8 {[%clk 00:02:25]} {[%emt 00:00:03]} 36. Be4
{[%emt 00:00:24]} 1/2-1/2

[Event "DVM U20 2021"]
[Site "Kiel GER"]
[Date "2022.07.23"]
[Round "2"]
[White "Wachtel, Arthur"]
[Black "Beetz, Ole"]
[Result "0-1"]
[Termination "normal"]
[Board "6.4"]
[WhiteElo "1946"]
[BlackElo "1601"]
[WhiteClock "00:19:20"]
[BlackClock "00:15:59"]
[WhiteTeam "Schachfreunde Augsburg"]
[BlackTeam "Schachfreunde Essen-Katernberg 04/32 e. V."]
[PlyCount "110"]
[WhiteFideId "12988510"]
[BlackFideId "34628339"]
[EventCountry "GER"]
[EventRounds "7"]
[EventType "team-swiss"]
[EventDate "2022.07.22"]

1. e4 {[%clk 01:30:57]} {[%emt 00:00:02]} c5 {[%clk 01:30:51]} {[%emt
00:00:09]} 2. Nf3 {[%clk 01:31:20]} {[%emt 00:00:08]} d6 {[%clk 01:31:12]}
{[%emt 00:00:09]} 3. Bb5+ {[%clk 01:31:42]} {[%emt 00:00:07]} Bd7 {[%clk
01:31:35]} {[%emt 00:00:07]} 4. Bxd7+ {[%clk 01:32:05]} {[%emt 00:00:07]} Qxd7
{[%clk 01:31:54]} {[%emt 00:00:11]} 5. c4 {[%clk 01:32:25]} {[%emt 00:00:11]}
e5 {[%clk 01:31:26]} {[%emt 00:00:57]} 6. O-O {[%clk 01:32:21]} {[%emt
00:00:34]} g6 {[%clk 01:31:09]} {[%emt 00:00:48]} 7. Nc3 {[%clk 01:32:31]}
{[%emt 00:00:21]} Bg7 {[%clk 01:31:04]} {[%emt 00:00:35]} 8. d3 {[%clk
01:32:54]} {[%emt 00:00:06]} Ne7 {[%clk 01:30:59]} {[%emt 00:00:34]} 9. h3
{[%clk 01:30:30]} {[%emt 00:02:55]} O-O {[%clk 01:30:22]} {[%emt 00:01:06]} 10.
Nh2 {[%clk 01:29:27]} {[%emt 00:01:32]} Nbc6 {[%clk 01:29:21]} {[%emt
00:01:31]} 11. Be3 {[%clk 01:23:28]} {[%emt 00:06:30]} f5 {[%clk 01:24:36]}
{[%emt 00:05:16]} 12. f3 {[%clk 01:19:28]} {[%emt 00:04:29]} f4 {[%clk
01:23:07]} {[%emt 00:02:00]} 13. Bf2 {[%clk 01:19:53]} {[%emt 00:00:05]} Nd4
{[%clk 01:21:02]} {[%emt 00:02:34]} 14. Re1 {[%clk 01:13:40]} {[%emt 00:06:38]}
Rab8 {[%clk 01:15:55]} {[%emt 00:05:41]} 15. Rb1 {[%clk 01:06:56]} {[%emt
00:07:14]} h5 {[%clk 01:11:18]} {[%emt 00:05:08]} 16. a3 {[%clk 01:05:16]}
{[%emt 00:02:09]} Bf6 {[%clk 01:09:18]} {[%emt 00:02:30]} 17. b4 {[%clk
01:03:06]} {[%emt 00:02:39]} b6 {[%clk 01:09:14]} {[%emt 00:00:36]} 18. Nf1
{[%clk 00:56:45]} {[%emt 00:06:49]} Kf7 {[%clk 01:05:33]} {[%emt 00:04:13]} 19.
Qa4 {[%clk 00:45:08]} {[%emt 00:12:04]} Qxa4 {[%clk 01:01:30]} {[%emt
00:04:35]} 20. Nxa4 {[%clk 00:45:33]} {[%emt 00:00:05]} Nec6 {[%clk 00:57:49]}
{[%emt 00:04:11]} 21. Rb2 {[%clk 00:43:30]} {[%emt 00:02:31]} Rfc8 {[%clk
00:47:38]} {[%emt 00:10:43]} 22. Nc3 {[%clk 00:42:11]} {[%emt 00:01:44]} g5
{[%clk 00:42:31]} {[%emt 00:05:43]} 23. Bxd4 {[%clk 00:36:40]} {[%emt
00:06:00]} exd4 {[%clk 00:39:34]} {[%emt 00:03:27]} 24. Nd5 {[%clk 00:35:38]}
{[%emt 00:01:33]} Ne5 {[%clk 00:39:20]} {[%emt 00:00:43]} 25. Rd1 {[%clk
00:34:06]} {[%emt 00:02:02]} a5 {[%clk 00:38:12]} {[%emt 00:01:37]} 26. Kf2
{[%clk 00:30:24]} {[%emt 00:04:10]} b5 {[%clk 00:34:43]} {[%emt 00:04:01]} 27.
cxb5 {[%clk 00:27:46]} {[%emt 00:03:08]} Rxb5 {[%clk 00:33:13]} {[%emt
00:02:00]} 28. a4 {[%clk 00:27:10]} {[%emt 00:01:06]} Rbb8 {[%clk 00:29:55]}
{[%emt 00:03:48]} 29. b5 {[%clk 00:27:33]} {[%emt 00:00:08]} c4 {[%clk
00:30:10]} {[%emt 00:00:15]} 30. dxc4 {[%clk 00:20:23]} {[%emt 00:07:40]} Rxc4
{[%clk 00:29:04]} {[%emt 00:01:35]} 31. Nxf6 {[%clk 00:20:10]} {[%emt
00:00:44]} Kxf6 {[%clk 00:29:07]} {[%emt 00:00:27]} 32. Ra2 {[%clk 00:19:26]}
{[%emt 00:01:13]} d3 {[%clk 00:28:07]} {[%emt 00:01:31]} 33. Nd2 {[%clk
00:17:27]} {[%emt 00:02:28]} Rc2 {[%clk 00:26:44]} {[%emt 00:01:54]} 34. Rda1
{[%clk 00:15:58]} {[%emt 00:01:57]} Rc3 {[%clk 00:22:04]} {[%emt 00:05:12]} 35.
Rb1 {[%clk 00:14:56]} {[%emt 00:01:31]} Ke6 {[%clk 00:18:25]} {[%emt 00:04:11]}
36. Nb3 {[%clk 00:13:10]} {[%emt 00:02:14]} Nc4 {[%clk 00:17:06]} {[%emt
00:01:50]} 37. Nd4+ {[%clk 00:11:20]} {[%emt 00:02:21]} Kd7 {[%clk 00:15:21]}
{[%emt 00:02:15]} 38. Nc6 {[%clk 00:08:51]} {[%emt 00:02:58]} Rb7 {[%clk
00:14:06]} {[%emt 00:01:44]} 39. Rd1 {[%clk 00:08:24]} {[%emt 00:00:57]} Kc7
{[%clk 00:11:34]} {[%emt 00:03:03]} 40. Nd4 {[%clk 00:07:31]} {[%emt 00:01:22]}
Kb6 {[%clk 00:09:47]} {[%emt 00:02:18]} 41. Ne6 {[%clk 00:05:30]} {[%emt
00:02:32]} Rb8 {[%clk 00:07:26]} {[%emt 00:02:50]} 42. h4 {[%clk 00:05:19]}
{[%emt 00:00:41]} Ne3 {[%clk 00:04:42]} {[%emt 00:03:14]} 43. Rdd2 {[%clk
00:30:09]} {[%emt 00:05:40]} Rbc8 {[%clk 00:32:20]} {[%emt 00:02:51]} 44. hxg5
{[%clk 00:26:53]} {[%emt 00:03:46]} Nc4 {[%clk 00:26:42]} {[%emt 00:06:07]} 45.
Nxf4 {[%clk 00:26:06]} {[%emt 00:01:18]} Nxd2 {[%clk 00:24:17]} {[%emt
00:02:55]} 46. Nd5+ {[%clk 00:25:19]} {[%emt 00:01:17]} Kb7 {[%clk 00:24:06]}
{[%emt 00:00:40]} 47. Rxd2 {[%clk 00:23:58]} {[%emt 00:01:51]} Ra3 {[%clk
00:22:51]} {[%emt 00:01:45]} 48. Ke3 {[%clk 00:23:50]} {[%emt 00:00:39]} Rc2
{[%clk 00:20:48]} {[%emt 00:02:34]} 49. Nf4 {[%clk 00:23:59]} {[%emt 00:00:18]}
Rxd2 {[%clk 00:17:21]} {[%emt 00:03:59]} 50. Kxd2 {[%clk 00:24:26]} {[%emt
00:00:02]} Rxa4 {[%clk 00:15:14]} {[%emt 00:02:38]} 51. Kxd3 {[%clk 00:24:10]}
{[%emt 00:00:47]} Ra1 {[%clk 00:15:22]} {[%emt 00:00:21]} 52. g6 {[%clk
00:23:23]} {[%emt 00:01:17]} Rc1 {[%clk 00:15:33]} {[%emt 00:00:19]} 53. g7
{[%clk 00:23:10]} {[%emt 00:00:43]} Rc8 {[%clk 00:15:57]} {[%emt 00:00:06]} 54.
Nd5 {[%clk 00:23:18]} {[%emt 00:00:22]} Rg8 {[%clk 00:15:51]} {[%emt 00:00:36]}
55. Kc3 {[%clk 00:19:20]} {[%emt 00:04:28]} Rxg7 {[%clk 00:15:59]} {[%emt
00:00:22]} 0-1

[Event "DVM U20 2021"]
[Site "Kiel GER"]
[Date "2022.07.23"]
[Round "2"]
[White "Otterpohl, Isabel"]
[Black "Vuckovic, Robert"]
[Result "0-1"]
[Termination "normal"]
[Board "6.5"]
[WhiteElo "1632"]
[BlackElo "1845"]
[WhiteClock "00:29:09"]
[BlackClock "01:21:53"]
[WhiteTeam "Schachfreunde Essen-Katernberg 04/32 e. V."]
[BlackTeam "Schachfreunde Augsburg"]
[PlyCount "84"]
[WhiteFideId "12999180"]
[BlackFideId "12998680"]
[EventCountry "GER"]
[EventRounds "7"]
[EventType "team-swiss"]
[EventDate "2022.07.22"]

1. e4 {[%clk 01:30:58]} {[%emt 00:00:02]} c5 {[%clk 01:30:51]} {[%emt
00:00:09]} 2. c3 {[%clk 01:31:24]} {[%emt 00:00:04]} d5 {[%clk 01:31:04]}
{[%emt 00:00:17]} 3. exd5 {[%clk 01:31:48]} {[%emt 00:00:06]} Qxd5 {[%clk
01:31:29]} {[%emt 00:00:04]} 4. d4 {[%clk 01:32:08]} {[%emt 00:00:10]} g6
{[%clk 01:31:22]} {[%emt 00:00:37]} 5. Nf3 {[%clk 01:32:28]} {[%emt 00:00:10]}
Bg7 {[%clk 01:31:34]} {[%emt 00:00:18]} 6. Na3 {[%clk 01:28:48]} {[%emt
00:04:10]} cxd4 {[%clk 01:31:48]} {[%emt 00:00:16]} 7. cxd4 {[%clk 01:22:27]}
{[%emt 00:06:52]} Nh6 {[%clk 01:29:58]} {[%emt 00:02:19]} 8. h3 {[%clk
01:18:19]} {[%emt 00:04:39]} O-O {[%clk 01:27:16]} {[%emt 00:03:12]} 9. Bc4
{[%clk 01:18:04]} {[%emt 00:00:45]} Qd8 {[%clk 01:20:19]} {[%emt 00:07:27]} 10.
O-O {[%clk 01:12:34]} {[%emt 00:06:00]} Nf5 {[%clk 01:20:20]} {[%emt 00:00:28]}
11. Nc2 {[%clk 01:03:00]} {[%emt 00:10:04]} Nc6 {[%clk 01:14:57]} {[%emt
00:05:53]} 12. Be3 {[%clk 00:56:31]} {[%emt 00:06:58]} b6 {[%clk 01:13:29]}
{[%emt 00:01:58]} 13. Qd2 {[%clk 00:51:48]} {[%emt 00:05:13]} Bb7 {[%clk
01:13:05]} {[%emt 00:00:54]} 14. Rad1 {[%emt 00:04:14]} Rc8 {[%clk 01:12:19]}
{[%emt 00:01:13]} 15. Be2 {[%clk 00:45:46]} {[%emt 00:02:51]} Qd7 {[%clk
01:06:25]} {[%emt 00:06:24]} 16. b3 {[%clk 00:32:45]} {[%emt 00:13:31]} Rfd8
{[%clk 01:06:33]} {[%emt 00:00:21]} 17. Bb5 {[%clk 00:27:18]} {[%emt 00:05:57]}
a6 {[%clk 01:05:32]} {[%emt 00:01:31]} 18. d5 {[%clk 00:19:29]} {[%emt
00:08:20]} axb5 {[%clk 00:52:24]} {[%emt 00:13:38]} 19. dxc6 {[%clk 00:19:44]}
{[%emt 00:00:14]} Qxd2 {[%clk 00:52:46]} {[%emt 00:00:08]} 20. Rxd2 {[%clk
00:17:57]} {[%emt 00:02:17]} Bxc6 {[%clk 00:52:01]} {[%emt 00:01:15]} 21. Bxb6
{[%clk 00:16:45]} {[%emt 00:01:43]} Rxd2 {[%clk 00:52:09]} {[%emt 00:00:21]}
22. Nxd2 {[%clk 00:17:09]} {[%emt 00:00:06]} Bxg2 {[%clk 00:52:23]} {[%emt
00:00:16]} 23. Kxg2 {[%clk 00:16:57]} {[%emt 00:00:42]} Rxc2 {[%clk 00:52:32]}
{[%emt 00:00:21]} 24. Nf3 {[%clk 00:14:44]} {[%emt 00:02:43]} Rxa2 {[%clk
00:52:53]} {[%emt 00:00:09]} 25. b4 {[%clk 00:15:08]} {[%emt 00:00:06]} Rb2
{[%clk 00:52:51]} {[%emt 00:00:31]} 26. Bc5 {[%clk 00:15:28]} {[%emt 00:00:11]}
Bc3 {[%clk 00:52:24]} {[%emt 00:00:56]} 27. Rc1 {[%clk 00:09:34]} {[%emt
00:06:25]} Bxb4 {[%clk 00:52:24]} {[%emt 00:00:30]} 28. Bb6 {[%clk 00:09:40]}
{[%emt 00:00:24]} f6 {[%clk 00:51:38]} {[%emt 00:01:15]} 29. Ne1 {[%clk
00:08:23]} {[%emt 00:01:47]} Bd2 {[%clk 00:51:14]} {[%emt 00:00:53]} 30. Rc8+
{[%clk 00:07:30]} {[%emt 00:01:25]} Kf7 {[%clk 00:51:37]} {[%emt 00:00:06]} 31.
Nd3 {[%clk 00:07:49]} {[%emt 00:00:12]} Rb3 {[%clk 00:51:36]} {[%emt 00:00:30]}
32. Rd8 {[%clk 00:06:43]} {[%emt 00:01:36]} Bb4 {[%clk 00:51:02]} {[%emt
00:01:02]} 33. Nc1 {[%clk 00:03:46]} {[%emt 00:03:28]} Rb1 {[%clk 00:51:11]}
{[%emt 00:00:21]} 34. Rc8 {[%clk 00:04:01]} {[%emt 00:00:15]} Ba3 {[%clk
00:50:47]} {[%emt 00:00:54]} 35. Nd3 {[%clk 00:03:47]} {[%emt 00:00:44]} Bd6
{[%clk 00:50:33]} {[%emt 00:00:44]} 36. Rc2 {[%clk 00:04:02]} {[%emt 00:00:15]}
Rb3 {[%clk 00:50:30]} {[%emt 00:00:32]} 37. Nc1 {[%clk 00:03:42]} {[%emt
00:00:50]} Nh4+ {[%clk 00:50:40]} {[%emt 00:00:19]} 38. Kf1 {[%clk 00:03:18]}
{[%emt 00:00:55]} Rxh3 {[%clk 00:51:01]} {[%emt 00:00:08]} 39. Be3 {[%clk
00:02:16]} {[%emt 00:01:32]} Nf5 {[%clk 00:51:13]} {[%emt 00:00:18]} 40. Bb6
{[%clk 00:01:59]} {[%emt 00:00:47]} b4 {[%clk 00:51:16]} {[%emt 00:00:26]} 41.
Kg2 {[%clk 00:29:18]} {[%emt 00:03:12]} Rc3 {[%clk 01:21:26]} {[%emt 00:00:20]}
42. Rxc3 {[%clk 00:29:09]} {[%emt 00:00:40]} bxc3 {[%clk 01:21:53]} {[%emt
00:00:02]} 0-1